00609pam a2200205 a 450000100090000000300060000900500170001500800410003201000130007302000240008604000180011005000100012810000230013824500820016126000430024330000200028650400530030665000220035965000220038127264771OCoLC20210204114713.0921231s1993 miu b 000 0 eng  a92046735 a0892837829 (pbk.) : aDLCcDLCdCDC bW582B1 aWhite, Tom,d1947-10aBreaking strongholds :bhow spiritual warfare sets captives free /cTom White aAnn Arbor, Mich. :bVine Books,cc1993 a223 p. ;c20 cm aIncludes bibliographical references (p. 219-223) 0aSpiritual warfare 0aEvangelistic work